000 00699nam a2200193Ia 4500
003 GCL
008 140319s9999 xx 000 0 ara d
040 _aGCL /
_cGCL
082 0 4 _aق
_b932
_bص ف
100 1 _aصبحى عطية احمد يونس
245 1 0 _aالفرعون نكاو الثانى :
_bتاريخه واثاره /
_cصبحى عطية احمد يونس
260 _aالقاهرة :
_bمكتبة النهضة المصرية ،
_c2005
300 _a126 ص ؛
_c28 سم
650 0 4 _aالحضارة الفرعونية
650 0 4 _aقدماء المصريين
650 0 4 _aمصر القديمة - تاريخ
650 0 4 _aنكاو الثانى - تاريخ
942 _2ddc
_cBK
999 _c56288
_d56288